Statistics for LOONA Songs (2023)

Click here to take the quiz!

General Stats

  • This quiz has been taken 75 times
  • The average score is 84 of 125

Answer Stats

HintAnswer% Correct
HeejinViViD
96%
HeejinViViD (Acoustic Mix)
96%
Yeojin키스는 다음에
92%
× ×Butterfly
90%
Kim LipEclipse
90%
Olivia HyeEgoist
90%
Fl!p thatFlip That
90%
ChuuHeart Attack
90%
+ +Hi High
90%
JinsoulSinging In The Rain
90%
#So What
90%
Mix & MatchLOONATIC
88%
LOONATIC (Eng)LOONATIC (Eng)
88%
ChoerryLove Cherry Motion
88%
HaSeulThe Carol
88%
HaSeul소년, 소녀
85%
Hyunjin다녀가요
85%
Yvesnew
85%
&PTT(Paint The Town)
85%
The Carol 2.0The Carol 2.0
85%
The Carol 3.0The Carol 3.0
85%
The Carol 3.0The Carol 3.0 (Eng)
85%
12:00Why Not?
85%
ViviEveryday I Love You
83%
Mix & MatchGirl Front
83%
HowlHowl
83%
2021 Japan SingleHULA HOOP
83%
Go WonOne & Only
83%
Max & MatchSweet Crazy Love
83%
Sweet Crazy Love (Eng)Sweet Crazy Love (Eng)
83%
× ×Colors
79%
ChuuGirls Talk
79%
12:00Star
79%
+ +favOriTe
77%
HyunjinI´ll Be There
77%
beauty&thebeatlove4eva
77%
YeojinMy Sunday
77%
Mix & MatchODD
77%
LoossembleSensitive
77%
LoossembleSensitive (Eng)
77%
ViviEveryday I Need You
75%
Plastic CandyPlastic Candy
75%
Love & Live지금, 좋아해
73%
YvesD-1
73%
<Version Up>Je Ne Sais Quoi
73%
ChoerryPuzzle
73%
Olivia HyeRosy
73%
× ×Satellite
73%
× ×x x
73%
12:0012:00
71%
Love & Evil비의 목소리 51db
71%
JinsoulLove Letter
71%
YeojinMy Melody
71%
Go WonSee Saw
71%
+ ++ +
69%
#땡땡땡
69%
Love & Evil알 수 없는 비밀
69%
<Version Up>Air Force One
69%
<K>Algorithm
69%
Max & MatchODD Front
69%
&WOW
69%
##
67%
&&
67%
2022 Japan SingleLUMINOUS
67%
Prod. by Ryan JhunNot Friends
67%
+ +Stylish
67%
LOONA X COCOMONG얌얌
65%
+ +열기 (9)
65%
Fl!p thatPale Blue Dot
65%
+ +Perfect Love
65%
Fl!p thatPOSE
65%
2021 Japan SingleStarSeed ~カクセイ~
65%
Kim LipTwilight
65%
12:00Universe
65%
beauty&thebeatrendezvous 18.6y
63%
Max & MatchUncover
63%
× ×Where You At
63%
12:00목소리
60%
Love & Live3월을 기다려
60%
Max & MatchADD
60%
&Dance On My Own
60%
<Version Up>My Secret Playlist
60%
#Number 1
60%
Mix & MatchStarlight
60%
<K>Video Game
60%
LOONA X COCOMONG더주세요
58%
HowlAliens
58%
beauty&thebeatdal segno
58%
× ×Curiosity
56%
Love & LiveFairy Tale
56%
Love & EvilLove & Evil
56%
<Version Up>Love Me Like
56%
LoossembleNewtopia
56%
#365
54%
beauty&thebeatfrozen
54%
<K>Nokia
54%
#Oh (Yes I Am)
54%
12:00OOPS!
54%
LoossembleStrawberry Soda
54%
12:00숨바꼭질
52%
&Be Honest
52%
Mix & MatchChaotic
52%
<Version Up>Lucid
52%
Fl!p thatPlayback
52%
<K>Sad Girls Club
52%
Fl!p thatThe Journey
52%
<K>개화
50%
HowlUnderwater
50%
&U R
50%
Love & LiveYou and Me Together
50%
12:00기억해
48%
<K>Addiction
48%
beauty&thebeatone way
48%
<Version Up>기다렸어?
46%
HowlHitchhiker
46%
Love & LiveInto The New Heart
46%
Fl!p thatNeed U
46%
LoossembleColouring
44%
LoossembleIntro: Searching For Their Friends
44%
LoossembleReal World
42%
2022 Japan SingleSick Love
42%
HowlMy Palace
40%
&A Different Night
38%
LoossembleDay by Day
38%
#Day & Night
35%

Score Distribution

Percentile by Number Answered

Percent of People with Each Score

Your Score History

You have not taken this quiz